01262cam a22002651 450000100060000000300080000600500170001400800410003103500190007204000380009104100080012905100200013708200160015711100910017324502760026426000550054030000360059550001230063150400380075465000370079265000330082970000270086270000320088971000750092111188BD-RjUL20211208235103.0840404t19631962nyua b 101 0 eng d a(BD-RjUL)11237 aDLC/ICUcICUdDLCd(BD-RjUL)beng aeng aQD901b.B4 196100a 578.4bELE2 aInternational Materials Symposiumn(1st :d1961 :cUniversity of California, Berkeley)10aElectron microscopy and strength of crystals :bproceedings of the first Berkeley International Materials Conference: the impact of transmission electron microscopy on theories of the strength of crystals /cHeld at the University of California, Berkeley, July 5-8, 1961. aNew York :bInterscience Publishers,c1963 [c1962] axi, 1022 p. :billus. ;c24 cm. aSponsored by the Inorganic Materials Research Division of the Lawrence Radiation Laboratory, University of California. aIncludes bibliographies and Index 0aElectron microscopyxCongresses. 0aCrystallographyxCongresses.1 aThomas, Gareth,d1932-1 aWashburn, Jack,d1921-eed.2 aLawrence Radiation Laboratory.bInorganic Materials Research Division.